| 000 | 00744nam a2200217 i 4500 | ||
|---|---|---|---|
| 001 | 188640 | ||
| 003 | ES-MaACL | ||
| 005 | 20250824081509.0 | ||
| 007 | t| | ||
| 008 | 190116s1966 sp ||||1| spa d | ||
| 100 | 1 |
_aPedrolo, Manuel de, _d1918-1991 _989937 |
|
| 245 | 1 | 0 |
_aHombres y no / _cManuel de Pedrolo ; con un prólogo de José Monleón ; [traducción de José Corredor Matheos]. |
| 260 |
_aBarcelona : _bAymá, _c1966. |
||
| 300 |
_a132 p., 2 lám. ; _c19 cm. |
||
| 490 | 1 |
_aVoz imagen. Teatro ; _v10 |
|
| 700 | 0 |
_aCorredor-Matheos, José, _d1929- _940776 |
|
| 700 | 1 |
_aMonleón, José, _d1927-2016 _982230 |
|
| 830 | 1 | 0 |
_aVoz imagen. _pTeatro _v10 _9193124 |
| 852 |
_aES-MaACL _jP-295-Ter-8 |
||
| 999 |
_c188640 _d188640 |
||